Double Trouble - USA States 1 - Statistics

General Stats
  • This quiz has been taken 277 times
  • The average score is 19 of 20
Answer Stats
Hint Answer % Correct
mistucky / kensouri Missouri
100%
Kentucky
99%
Texas
97%
maiware / nedela Delaware
96%
Montana
96%
tahpennsyl / vaniau Pennsylvania
96%
New Jersey
95%
gonte / orexas Oregon
95%
erseynewy / orknnewj New York
94%
North Dakota
94%
Wisconsin
94%
amanev / alabada Alabama
93%
Maine
93%
Nevada
93%
esseetana / montenn Tennessee
93%
veronsin / montwisc Vermont
93%
onama / rylandariz Arizona
91%
mickota / northdahigan Michigan
91%
Maryland
90%
Utah
90%
No matching quizzes found
Score Distribution
Percent of People with Each Score
Percentile by Number Answered
Your Score History
You have not taken this quiz